[Event "El Prat de Llobregat op 3rd"]
[Site "El Prat de Llobregat"]
[Date "2022.10.14"]
[Round "3"]
[White "Romeu Perulles, Jaume"]
[Black "Moreno Pino, Pedro"]
[Result "1/2-1/2"]
[WhiteElo "1739"]
[BlackElo "1488"]
[PlyCount "72"]
[EventDate "2022.09.30"]
[EventType "swiss"]
[EventRounds "9"]
[EventCountry "ESP"]
[SourceTitle "EXT 2024"]
[Source "ChessBase"]
[SourceDate "2023.10.10"]
[SourceVersion "1"]
[SourceVersionDate "2023.10.10"]
[SourceQuality "1"]

1. e4 d5 2. exd5 Nf6 3. d4 Qxd5 4. Nc3 Qd6 5. Bd3 a6 6. Nge2 b5 7. Bf4 Qb6 8. 0-0 Bb7 9. a3 e6 10. Ng3 Bd6 11. Qd2 Nbd7 12. Bxd6 Qxd6 13. Be4 Nxe4 14. Ncxe4 Qd5 15. f3 0-0 16. Rfe1 Rfd8 17. Rad1 Rac8 18. Qf4 h6 19. b3 Qc6 20. Rd2 Qd5 21. Qe3 Qc6 22. Rc1 Qb6 23. Re2 c5 24. dxc5 Nxc5 25. b4 Na4 26. Qxb6 Nxb6 27. Nc5 Rb8 28. Kf2 Nc4 29. Ra1 Bc6 30. Nf1 Ra8 31. Ne3 a5 32. bxa5 Rxa5 33. Nb3 Rxa3 34. Nxc4 Rxa1 35. Nxa1 bxc4 36. Ke3 f5 1/2-1/2